<?xml version="1.0" encoding="UTF-8"?>
<collection xmlns="http://www.loc.gov/MARC21/slim">
 <record>
  <leader>01266nam a2200313 a 4500</leader>
  <controlfield tag="001">7262</controlfield>
  <controlfield tag="003">BD-DhAAL</controlfield>
  <controlfield tag="005">20220904131044.0</controlfield>
  <controlfield tag="008">160725s2003    ii a     b    001 0 eng d</controlfield>
  <datafield tag="999" ind1=" " ind2=" ">
   <subfield code="c">37726</subfield>
   <subfield code="d">37726</subfield>
  </datafield>
  <datafield tag="020" ind1=" " ind2=" ">
   <subfield code="a">9843208123</subfield>
  </datafield>
  <datafield tag="020" ind1=" " ind2=" ">
   <subfield code="a">9789843208125</subfield>
  </datafield>
  <datafield tag="020" ind1=" " ind2=" ">
   <subfield code="a">8176494437</subfield>
  </datafield>
  <datafield tag="040" ind1=" " ind2=" ">
   <subfield code="a">BD-DhAAL</subfield>
   <subfield code="c">BD-DhAAL</subfield>
  </datafield>
  <datafield tag="082" ind1="0" ind2="0">
   <subfield code="a">823.8</subfield>
   <subfield code="2">22</subfield>
  </datafield>
  <datafield tag="100" ind1="1" ind2=" ">
   <subfield code="a">Bronte, Charlotte</subfield>
   <subfield code="9">20195</subfield>
  </datafield>
  <datafield tag="245" ind1="1" ind2="0">
   <subfield code="a">Jane Eyre /</subfield>
   <subfield code="c">Charlotte Bronte.</subfield>
  </datafield>
  <datafield tag="260" ind1=" " ind2=" ">
   <subfield code="a">Dhaka ;</subfield>
   <subfield code="a">New Delhi :</subfield>
   <subfield code="b">Friends' Book Corner.,</subfield>
   <subfield code="b">Viva Books pvt. Ltd.,</subfield>
   <subfield code="c">2008.</subfield>
  </datafield>
  <datafield tag="300" ind1=" " ind2=" ">
   <subfield code="a">283 pages ;</subfield>
   <subfield code="c">22 cm.</subfield>
  </datafield>
  <datafield tag="490" ind1="0" ind2=" ">
   <subfield code="a">Open guides to literature</subfield>
  </datafield>
  <datafield tag="541" ind1="1" ind2=" ">
   <subfield code="a">Donated By Akbar Ali Khan</subfield>
   <subfield code="e">7262, 39512</subfield>
  </datafield>
  <datafield tag="600" ind1="1" ind2="0">
   <subfield code="a">Brontë, Charlotte,</subfield>
   <subfield code="d">1816-1855.</subfield>
   <subfield code="t">Jane Eyre.</subfield>
   <subfield code="9">20196</subfield>
  </datafield>
  <datafield tag="650" ind1=" " ind2="0">
   <subfield code="a">Governesses in literature.</subfield>
   <subfield code="9">20197</subfield>
  </datafield>
  <datafield tag="650" ind1=" " ind2="0">
   <subfield code="a">English literature.</subfield>
   <subfield code="9">51218</subfield>
  </datafield>
  <datafield tag="830" ind1=" " ind2=" ">
   <subfield code="a">Open guides to literature</subfield>
   <subfield code="9">51219</subfield>
  </datafield>
  <datafield tag="852" ind1="4" ind2=" ">
   <subfield code="a">Ayesha Abed Library</subfield>
   <subfield code="c">General Stacks</subfield>
  </datafield>
  <datafield tag="942" ind1=" " ind2=" ">
   <subfield code="2">ddc</subfield>
   <subfield code="c">BK</subfield>
  </datafield>
  <datafield tag="952" ind1=" " ind2=" ">
   <subfield code="0">0</subfield>
   <subfield code="1">0</subfield>
   <subfield code="2">ddc</subfield>
   <subfield code="4">0</subfield>
   <subfield code="6">823_000000000000000__8_BRO</subfield>
   <subfield code="7">0</subfield>
   <subfield code="9">59438</subfield>
   <subfield code="a">SCL</subfield>
   <subfield code="b">SCL</subfield>
   <subfield code="c">GEN</subfield>
   <subfield code="d">2016-07-25</subfield>
   <subfield code="l">6</subfield>
   <subfield code="m">45</subfield>
   <subfield code="o">823.8 BRO</subfield>
   <subfield code="p">3020007262</subfield>
   <subfield code="r">2018-12-05</subfield>
   <subfield code="s">2018-09-25</subfield>
   <subfield code="t">1</subfield>
   <subfield code="w">2016-07-25</subfield>
   <subfield code="y">BK</subfield>
  </datafield>
  <datafield tag="952" ind1=" " ind2=" ">
   <subfield code="0">0</subfield>
   <subfield code="1">0</subfield>
   <subfield code="2">ddc</subfield>
   <subfield code="4">0</subfield>
   <subfield code="6">823_800000000000000_BRO</subfield>
   <subfield code="7">1</subfield>
   <subfield code="9">71771</subfield>
   <subfield code="a">BRACUL</subfield>
   <subfield code="b">BRACUL</subfield>
   <subfield code="c">AAKC</subfield>
   <subfield code="d">2022-09-04</subfield>
   <subfield code="e">Donated by Akbar Ali Khan</subfield>
   <subfield code="l">0</subfield>
   <subfield code="o">823.8 BRO</subfield>
   <subfield code="p">3010039512</subfield>
   <subfield code="r">2022-09-04</subfield>
   <subfield code="t">2</subfield>
   <subfield code="w">2022-09-04</subfield>
   <subfield code="y">BK</subfield>
  </datafield>
 </record>
</collection>
